[Event "Vsetin op 44th"]
[Site "Vsetin"]
[Date "2019.07.01"]
[Round "3"]
[White "Skiba, Aleksandra"]
[Black "Gratze, Michael"]
[Result "0-1"]
[WhiteElo "1795"]
[BlackElo "2037"]
[PlyCount "128"]
[EventDate "2019.06.29"]
[EventType "swiss"]
[EventRounds "9"]
[EventCountry "CZE"]
[SourceTitle "CBM 191 Extra"]
[Source "ChessBase"]
[SourceDate "2019.09.30"]
[SourceVersion "1"]
[SourceVersionDate "2019.09.30"]
[SourceQuality "1"]

1. d4 Nf6 2. c4 g6 3. Nc3 Bg7 4. e4 0-0 5. Nf3 d6 6. Be2 e5 7. 0-0 exd4 8. Nxd4 Re8 9. Bf3 Nbd7 10. Re1 Ne5 11. Be2 c6 12. f3 Nh5 13. f4 Ng4 14. Bxg4 Bxg4 15. Qxg4 Bxd4+ 16. Kh1 f5 17. Qf3 Qh4 18. g3 Qh3 19. Bd2 Nf6 20. Qg2 Qxg2+ 21. Kxg2 Bxc3 22. Bxc3 Nxe4 23. Bd4 c5 24. Be3 a6 25. Kf3 b5 26. b3 bxc4 27. bxc4 Rab8 28. h3 Rb4 29. Rac1 Rb2 30. g4 Kf7 31. Re2 Reb8 32. Rcc2 Rb1 33. Bc1 R1b7 34. Rg2 Ke6 35. Bb2 d5 36. Be5 Rd8 37. gxf5+ gxf5 38. cxd5+ Rxd5 39. Rg8 Rd3+ 40. Kg2 Rd2+ 41. Rxd2 Nxd2 42. Rc8 Ne4 43. Rc6+ Kd5 44. Rxa6 c4 45. Ra5+ Kc6 46. Ra3 Rd7 47. Kf3 Kb5 48. Ra8 Rd3+ 49. Ke2 Rxh3 50. a4+ Kc5 51. a5 c3 52. a6 Rh2+ 53. Kd3 Rd2+ 54. Ke3 c2 55. a7 Rd8 56. Rxd8 c1Q+ 57. Ke2 Qc2+ 58. Ke1 Qb1+ 59. Rd1 Qa2 60. Bd4+ Kc6 61. Ra1 Qd2+ 62. Kf1 Ng3+ 63. Kg1 Qxd4+ 64. Kg2 Qxa1 0-1

[Event "Rubinstein Memorial-A 54th"]
[Site "Polanica Zdroj"]
[Date "2018.08.21"]
[Round "4"]
[White "Skiba, Aleksandra"]
[Black "Klein, Gernot"]
[Result "1/2-1/2"]
[WhiteElo "1625"]
[BlackElo "1922"]
[PlyCount "153"]
[EventDate "2018.08.18"]
[EventType "swiss"]
[EventRounds "9"]
[EventCountry "POL"]
[SourceTitle "CBM 186 Extra"]
[Source "ChessBase"]
[SourceDate "2018.08.24"]
[SourceVersion "1"]
[SourceVersionDate "2018.08.24"]
[SourceQuality "1"]

1. d4 d5 2. c4 e6 3. Nc3 c6 4. Nf3 dxc4 5. Bg5 Be7 6. Bxe7 Nxe7 7. e3 b5 8. a4 Nd5 9. Qb1 Qb6 10. Ne4 Qa5+ 11. Nfd2 Qd8 12. Be2 0-0 13. 0-0 Qe7 14. Nf3 Nd7 15. Rc1 Bb7 16. b3 cxb3 17. axb5 cxb5 18. Bxb5 a6 19. Bxd7 Qxd7 20. Nc5 Qe7 21. Qxb3 Rab8 22. Rcb1 Rfc8 23. Ne5 Nf6 24. f3 h6 25. Nxa6 Ra8 26. Qxb7 Rc1+ 27. Rxc1 Qxb7 28. Nc5 Rxa1 29. Rxa1 Qb8 30. Ncd7 Nxd7 31. Nxd7 Qb7 32. Ne5 f6 33. Ng4 Qb4 34. Rd1 Qc3 35. e4 Qc2 36. Nf2 Kf7 37. d5 Ke7 38. d6+ Kd7 39. h3 g6 40. Kf1 h5 41. Ke1 Qc3+ 42. Ke2 f5 43. exf5 Qe5+ 44. Kf1 gxf5 45. Rd2 Qa1+ 46. Rd1 Qa6+ 47. Ke1 e5 48. Rd2 Qb6 49. Ke2 Qb5+ 50. Ke1 Qc5 51. Ke2 Qc4+ 52. Ke1 e4 53. fxe4 fxe4 54. Re2 Qc3+ 55. Kf1 e3 56. Nd1 Qf6+ 57. Kg1 Qa1 58. Rxe3 Qxd1+ 59. Kf2 Qd2+ 60. Kf3 Kxd6 61. Re2 Qd1 62. Kf2 Qd4+ 63. Kf3 Kd5 64. g3 Qd3+ 65. Kf2 Qf5+ 66. Kg2 Kd4 67. h4 Kd3 68. Rf2 Qe4+ 69. Kh2 Ke3 70. Rf4 Qc2+ 71. Kg1 Qd1+ 72. Kg2 Qe2+ 73. Kg1 Qc2 74. Kh1 Ke2 75. Kg2 Ke1+ 76. Kg1 Qd3 77. Kg2 1/2-1/2

[Event "POL-chT3 Dolnoslaskie 1718"]
[Site "Poland"]
[Date "2017.11.05"]
[Round "3.15"]
[White "Skiba, Aleksandra"]
[Black "Rogacka, Natalia"]
[Result "1/2-1/2"]
[WhiteElo "1747"]
[BlackElo "1558"]
[PlyCount "105"]
[EventDate "2017.10.08"]
[EventType "team-tourn"]
[EventRounds "11"]
[EventCountry "POL"]
[SourceTitle "EXT 2019"]
[Source "ChessBase"]
[SourceDate "2018.10.10"]
[SourceVersion "1"]
[SourceVersionDate "2018.10.10"]
[SourceQuality "1"]

1. d4 d5 2. c4 e6 3. Nc3 Nf6 4. Bg5 Be7 5. e3 0-0 6. Nf3 h6 7. Bh4 c6 8. Rc1 Nbd7 9. Qc2 Re8 10. Bd3 dxc4 11. Bxc4 Nd5 12. Bxe7 Qxe7 13. 0-0 Nxc3 14. bxc3 e5 15. Qb3 b5 16. Be2 e4 17. Nd2 Nf6 18. c4 a6 19. cxb5 cxb5 20. Rc5 Bb7 21. Rfc1 Rac8 22. h3 Rxc5 23. Rxc5 Rc8 24. Rxc8+ Bxc8 25. Qc2 Bb7 26. Nb3 Qb4 27. Kf1 Qd6 28. g3 Qe6 29. Kg2 Bc8 30. g4 h5 31. Nc5 Qd5 32. f3 hxg4 33. fxg4 Bb7 34. a4 Bc6 35. Nxa6 Bd7 36. axb5 Bxb5 37. Bxb5 Qxb5 38. Nc5 Qc6 39. Qb3 Qa8 40. Kg3 Qa1 41. Qb8+ Kh7 42. Qf4 Qg1+ 43. Kh4 Qe1+ 44. Kg5 Qh1 45. Qf5+ Kg8 46. Qc8+ Kh7 47. Nd7 Nxd7 48. Qxd7 Qxh3 49. Qf5+ Kg8 50. Qc8+ Kh7 51. Qf5+ Kg8 52. Qc8+ Kh7 53. Qf5+ 1/2-1/2

[Event "POL-chT3 Dolnoslaskie 1617"]
[Site "Poland"]
[Date "2017.04.23"]
[Round "10.27"]
[White "Olszewski, Pawel"]
[Black "Skiba, Aleksandra"]
[Result "1/2-1/2"]
[WhiteElo "1835"]
[BlackElo "1660"]
[PlyCount "79"]
[EventDate "2016.10.16"]
[EventType "team-tourn"]
[EventRounds "11"]
[EventCountry "POL"]
[SourceTitle "EXT 2018"]
[Source "ChessBase"]
[SourceDate "2017.10.13"]
[SourceVersion "1"]
[SourceVersionDate "2017.10.13"]
[SourceQuality "1"]

1. e4 c5 2. Nc3 Nc6 3. f4 d6 4. Nf3 Nf6 5. Bc4 g6 6. d3 Bg7 7. 0-0 0-0 8. a4 a6 9. f5 gxf5 10. Qe1 Nd4 11. Qg3 Kh8 12. Qh4 Nxf3+ 13. Rxf3 fxe4 14. dxe4 Be6 15. Nd5 b5 16. axb5 axb5 17. Rxa8 Qxa8 18. Nxf6 exf6 19. Bxe6 Qa1 20. Qe1 fxe6 21. Rg3 Qa7 22. Kh1 Rg8 23. Qf1 Qb7 24. Qd3 Bf8 25. Rf3 Qg7 26. g3 c4 27. Qd4 Be7 28. Bd2 Qg4 29. Kg2 d5 30. Qa7 dxe4 31. Rf4 Qg7 32. Rxe4 e5 33. Qb7 Rd8 34. Bc3 Qg6 35. Re2 Qe8 36. Qe4 Qg6 37. Qb7 Qe8 38. Qe4 Qg6 39. Qb7 Qe8 40. Qf3 1/2-1/2

[Event "POL-chT3 Dolnoslaskie 1617"]
[Site "Poland"]
[Date "2017.01.08"]
[Round "5.17"]
[White "Skiba, Aleksandra"]
[Black "Dzikowski, Michal"]
[Result "0-1"]
[WhiteElo "1660"]
[BlackElo "2052"]
[PlyCount "116"]
[EventDate "2016.10.16"]
[EventType "team-tourn"]
[EventRounds "11"]
[EventCountry "POL"]
[SourceTitle "EXT 2018"]
[Source "ChessBase"]
[SourceDate "2017.10.13"]
[SourceVersion "1"]
[SourceVersionDate "2017.10.13"]
[SourceQuality "1"]

1. d4 Nf6 2. c4 Nc6 3. Nc3 e5 4. d5 Ne7 5. e4 Ng6 6. Nf3 Bc5 7. Be2 0-0 8. 0-0 a5 9. Qc2 d6 10. Rb1 Bd7 11. b3 Qe7 12. a3 Nh5 13. b4 axb4 14. axb4 Bb6 15. Ne1 Nhf4 16. Nd3 Nxd3 17. Bxd3 Qh4 18. Ne2 Qe7 19. Bd2 Nh4 20. Ng3 Bd4 21. Be3 Bxe3 22. fxe3 Qg5 23. Qd2 Ra3 24. Ra1 Rfa8 25. Rxa3 Rxa3 26. c5 h5 27. c6 bxc6 28. dxc6 Be6 29. b5 Ra2 30. Bc2 Ng6 31. Nf5 Qd8 32. Qc3 Qb8 33. Bd3 Qb6 34. Bc4 Qc5 35. Rc1 Ra3 36. Qc2 Bxf5 37. exf5 Qxe3+ 38. Kf1 Ne7 39. Rd1 Rc3 40. Bxf7+ Kxf7 41. Qa2+ d5 42. Qb2 Rb3 43. Qc2 e4 44. Rd2 Rxb5 45. Re2 Qc5 46. Qa2 Qxc6 47. Rxe4 Qc1+ 48. Re1 Qc4+ 49. Qxc4 dxc4 50. Rc1 Nxf5 51. Ke2 Rc5 52. h3 h4 53. Kf3 c3 54. Ke4 c2 55. Kd3 Kf6 56. Ke4 Rc3 57. Kf4 g5+ 58. Ke4 c6 0-1

[Event "POL-chT3 Dolnoslaskie 1617"]
[Site "Poland"]
[Date "2016.10.16"]
[Round "1.28"]
[White "Skiba, Aleksandra"]
[Black "Paprocki, Artur"]
[Result "0-1"]
[WhiteElo "1660"]
[BlackElo "1884"]
[PlyCount "76"]
[EventDate "2016.10.16"]
[EventType "team-tourn"]
[EventRounds "11"]
[EventCountry "POL"]
[SourceTitle "EXT 2018"]
[Source "ChessBase"]
[SourceDate "2017.10.13"]
[SourceVersion "1"]
[SourceVersionDate "2017.10.13"]
[SourceQuality "1"]

1. d4 Nf6 2. c4 g6 3. Nc3 Bg7 4. e4 d6 5. Nf3 0-0 6. Be2 Na6 7. 0-0 e5 8. Be3 Bg4 9. h3 Bxf3 10. Bxf3 exd4 11. Bxd4 Nb4 12. e5 dxe5 13. Bc5 Nc6 14. Bxf8 Qxf8 15. Bxc6 bxc6 16. Qc2 Nd7 17. Rad1 Nc5 18. Ne4 Ne6 19. Nc3 Rb8 20. Ne2 Qb4 21. b3 Qe7 22. Qe4 c5 23. Rd2 f5 24. Qc6 Nd4 25. Qd5+ Kf8 26. Nxd4 cxd4 27. g4 Rd8 28. Qa5 c5 29. Rb1 Rb8 30. a3 e4 31. Rdd1 fxg4 32. hxg4 Rc8 33. Qa6 Qd7 34. g5 Be5 35. b4 Qh3 36. Rb3 Bh2+ 37. Kh1 Bg3+ 38. Kg1 Qh2+ 0-1

[Event "Polanica Zdroj op-C 52nd"]
[Site "Polanica Zdroj"]
[Date "2016.08.28"]
[Round "5"]
[White "Gajzner, Ryszard"]
[Black "Skiba, Aleksandra"]
[Result "1-0"]
[WhiteElo "1779"]
[BlackElo "1618"]
[PlyCount "111"]
[EventDate "2016.08.20"]
[EventType "swiss"]
[EventRounds "9"]
[EventCountry "POL"]
[SourceTitle "CBM 174 Extra"]
[Source "ChessBase"]
[SourceDate "2016.10.10"]
[SourceVersion "1"]
[SourceVersionDate "2016.10.10"]
[SourceQuality "1"]

1. d4 Nf6 2. c4 g6 3. Nc3 Bg7 4. e4 d6 5. g3 0-0 6. Bg2 Nbd7 7. Nf3 e5 8. 0-0 c6 9. Qc2 exd4 10. Nxd4 Re8 11. Rd1 Ne5 12. b3 a5 13. h3 Ned7 14. Be3 Qc7 15. Rac1 Nc5 16. Ndb5 cxb5 17. Nxb5 Qe7 18. Nxd6 Ncxe4 19. Nxe4 Nxe4 20. Qxe4 Qxe4 21. Bxe4 Bxh3 22. Bxb7 Rab8 23. Bc6 Re7 24. Bd5 Bf5 25. Bd4 Bxd4 26. Rxd4 Re2 27. g4 Be6 28. Bxe6 fxe6 29. c5 Rf8 30. f4 e5 31. Rdc4 Rd8 32. R4c2 Rxc2 33. Rxc2 exf4 34. c6 Rc8 35. a3 Kf7 36. b4 axb4 37. axb4 Ke6 38. b5 Kd6 39. Kf2 g5 40. Kf3 Kc7 41. Rc5 h6 42. Rf5 Kb6 43. Ke4 Re8+ 44. Kd4 Rd8+ 45. Kc4 Ra8 46. Rf7 Rb8 47. Kb4 f3 48. Rxf3 Re8 49. Rc3 Kc7 50. Rc4 Re1 51. b6+ Kc8 52. Kc5 Re6 53. Rd4 Re8 54. Ra4 Kb8 55. c7+ Kb7 56. Ra7+ 1-0

[Event "Polanica Zdroj op-C 52nd"]
[Site "Polanica Zdroj"]
[Date "2016.08.28"]
[Round "2"]
[White "Skiba, Aleksandra"]
[Black "Musial, Tomasz"]
[Result "1/2-1/2"]
[WhiteElo "1618"]
[BlackElo "1832"]
[PlyCount "103"]
[EventDate "2016.08.20"]
[EventType "swiss"]
[EventRounds "9"]
[EventCountry "POL"]
[SourceTitle "CBM 174 Extra"]
[Source "ChessBase"]
[SourceDate "2016.10.10"]
[SourceVersion "1"]
[SourceVersionDate "2016.10.10"]
[SourceQuality "1"]

1. d4 Nf6 2. c4 g6 3. Nc3 Bg7 4. e4 d6 5. Nf3 0-0 6. Be2 Nbd7 7. 0-0 e5 8. Be3 c6 9. Qc2 Qe7 10. b4 d5 11. dxe5 Nxe4 12. cxd5 Nxc3 13. Qxc3 Nxe5 14. Bc5 Nxf3+ 15. Qxf3 Qd7 16. dxc6 Qxc6 17. Qxc6 bxc6 18. Bxf8 Bxa1 19. Rxa1 Kxf8 20. Bf3 Rb8 21. a3 Rb6 22. Rc1 Bd7 23. Rc5 Ra6 24. Rc3 Ke7 25. Kf1 Kd6 26. Ke2 Be6 27. Ke3 f6 28. Be2 Rb6 29. Rc5 Bd5 30. g3 Rb7 31. Ra5 h6 32. Bd3 g5 33. Kd4 Bg8 34. Ra6 Bd5 35. b5 Rd7 36. bxc6 Bxc6 37. Bf5 Rc7 38. Be4 Kd7 39. Bxc6+ Rxc6 40. Rxa7+ Ke6 41. a4 Rc2 42. Ke3 Kf5 43. Ra6 Ra2 44. a5 g4 45. Ra8 Kg6 46. a6 h5 47. a7 Kg7 48. Kd3 Kh7 49. Ke4 Kg7 50. Kd5 Rd2+ 51. Ke4 Ra2 52. Ke3 1/2-1/2

[Event "POL-ch U14 Girls"]
[Site "Suwalki"]
[Date "2015.04.12"]
[Round "7"]
[White "Waligora, Julia"]
[Black "Skiba, Aleksandra"]
[Result "1-0"]
[WhiteElo "1218"]
[BlackElo "1496"]
[PlyCount "65"]
[EventDate "2015.04.08"]
[EventType "swiss"]
[EventRounds "9"]
[EventCountry "POL"]
[SourceTitle "EXT 2017"]
[Source "ChessBase"]
[SourceDate "2016.10.25"]
[SourceVersion "1"]
[SourceVersionDate "2016.10.25"]
[SourceQuality "1"]

1. e4 e6 2. d4 d5 3. Nd2 Nf6 4. Bd3 c5 5. c3 Nc6 6. Ngf3 cxd4 7. cxd4 dxe4 8. Nxe4 Be7 9. 0-0 0-0 10. Be3 Nb4 11. Re1 Nxd3 12. Qxd3 Bd7 13. Rac1 Nxe4 14. Qxe4 Bc6 15. Qg4 f5 16. Qf4 Bd6 17. Ne5 Bd5 18. Qg3 Bxe5 19. dxe5 Qd7 20. Bc5 Rfe8 21. Bd6 Rac8 22. b3 Rc6 23. Rxc6 Qxc6 24. Qg5 Rc8 25. h4 Qc3 26. Re3 Qa1+ 27. Kh2 Qc1 28. h5 Qc6 29. Rg3 Qd7 30. Be7 g6 31. hxg6 h6 32. Qf6 Qe8 33. Rh3 1-0

[Event "POL-ch U14 Girls"]
[Site "Suwalki"]
[Date "2015.04.11"]
[Round "5"]
[White "Gowin, Malgorzata"]
[Black "Skiba, Aleksandra"]
[Result "0-1"]
[WhiteElo "1369"]
[BlackElo "1496"]
[PlyCount "118"]
[EventDate "2015.04.08"]
[EventType "swiss"]
[EventRounds "9"]
[EventCountry "POL"]
[SourceTitle "EXT 2017"]
[Source "ChessBase"]
[SourceDate "2016.10.25"]
[SourceVersion "1"]
[SourceVersionDate "2016.10.25"]
[SourceQuality "1"]

1. e4 c5 2. c3 d5 3. exd5 Qxd5 4. d4 Nf6 5. Nf3 e6 6. Na3 Nc6 7. Bc4 Qd8 8. Bf4 a6 9. Ne5 cxd4 10. Nxc6 bxc6 11. Qxd4 Qxd4 12. cxd4 Bxa3 13. bxa3 Nd5 14. Bd6 Kd7 15. Bc5 a5 16. Kd2 Ba6 17. Bxd5 exd5 18. Rhe1 Rhe8 19. a4 Re6 20. Re3 Rb8 21. Kc3 Rxe3+ 22. fxe3 Ke6 23. Kc2 Kf5 24. Bd6 Rb7 25. Rb1 Bd3+ 26. Kxd3 Rxb1 27. Bc7 Rb2 28. Bxa5 Rxa2 29. Bc7 Rxa4 30. g3 Ra3+ 31. Ke2 Ke4 32. Bf4 Ra2+ 33. Ke1 Rxh2 34. g4 Rb2 35. g5 f6 36. gxf6 gxf6 37. Kf1 h5 38. Ke1 h4 39. Kf1 h3 40. Kg1 Kf3 41. Kh1 Re2 42. Bh2 Rxh2+ 43. Kxh2 Kxe3 44. Kxh3 Kxd4 45. Kg4 Ke3 46. Kf5 d4 47. Kxf6 d3 48. Ke6 d2 49. Kd6 d1Q+ 50. Kxc6 Ke4 51. Kc5 Qd4+ 52. Kc6 Ke5 53. Kc7 Qd6+ 54. Kb7 Qc5 55. Ka6 Kd6 56. Kb7 Qc4 57. Kb8 Kd7 58. Ka8 Kc7 59. Ka7 Qa4# 0-1